| 000 | 01001nam a2200253Ia 4500 | ||
|---|---|---|---|
| 003 | GCL | ||
| 008 | 140319s9999 xx 000 0 ara d | ||
| 040 |
_aGCL / _cGCL |
||
| 082 | 0 | 4 |
_aق _b962.02 _bع م |
| 100 | 1 | _aمجدى عبدالحافظ | |
| 245 | 1 | 0 |
_aمحمد على الكبير خصوصيات عائلة ملكية : _bمذكرات حميمة ( 1805-2005 ) / _cمجدى عبدالحافظ |
| 700 | 1 | _aعثمان ابراهيم | |
| 700 | 1 | _aعلى كورخان | |
| 700 | 1 | _aهدى كشرود | |
| 250 | _aالاولى | ||
| 260 |
_aالقاهرة : _bالمجلس الاعلى للثقافة ، _c2002 |
||
| 300 |
_a156 ص ؛ _c21 سم |
||
| 490 |
_aالمشروع القومى للترجمة _v960 |
||
| 650 | 0 | 4 | _aالخديوى سعيد |
| 650 | 0 | 4 | _aمصر - تاريخ - العصر الحديث - عصر محمد على ( 1805- 1849 م ) |
| 650 | 0 | 4 | _aالخديوى عباس حلمى الثانى |
| 650 | 0 | 4 | _aابناء الخديوى اسماعيل |
| 942 |
_2ddc _cBK |
||
| 999 |
_c52518 _d52518 |
||